Numéros des départements français et leur forme (AVEC CARTE VIERGE) - Statistiques

Statistiques générales
  • Ce quiz a été pris 606 fois
  • Le résultat moyen est 59 sur 101
Réponses sur la Carte
Les réponses sont colorées sur une échelle allant du rouge au vert en fonction du pourcentage des utilisateurs qui les ont devinées à leur premier essai. Vous pouvez retrouver ces pourcentages ci-dessous.
 
Statistiques - réponses
Départements % Correct
02 Aisne
64%
50 Manche
64%
75 Paris
64%
95 Val-d'Oise
64%
976 Mayotte
64%
2B Haute-Corse
63%
59 Nord
63%
67 Bas-Rhin
63%
83 Var
63%
05 Hautes-Alpes
62%
06 Alpes-Maritimes
62%
29 Finistère
62%
33 Gironde
62%
69 Rhône (et métropole de Lyon)
62%
93 Seine-Saint-Denis
62%
13 Bouches-du-Rhône
61%
14 Calvados
61%
2A Corse-du-Sud
61%
30 Gard
61%
34 Hérault
61%
73 Savoie
61%
74 Haute-Savoie
61%
78 Yvelines
61%
80 Somme
61%
973 Guyane
61%
04 Alpes-de-Haute- Provence
60%
11 Aude
60%
22 Côtes-d'Armor
60%
54 Meurthe-et-Moselle
60%
56 Morbihan
60%
94 Val-de-Marne
60%
08 Ardennes
59%
17 Charente-Maritime
59%
38 Isère
59%
40 Landes
59%
85 Vendée
59%
91 Essonne
59%
92 Hauts-de-Seine
59%
01 Ain
58%
07 Ardèche
58%
12 Aveyron
58%
15 Cantal
58%
25 Doubs
58%
31 Haute-Garonne
58%
39 Jura
58%
42 Loire
58%
55 Meuse
58%
62 Pas-de-Calais
58%
64 Pyrénées-Atlantiques
58%
65 Hautes-Pyrénées
58%
68 Haut-Rhin
58%
71 Saône-et-Loire
58%
77 Seine-et-Marne
58%
88 Vosges
58%
971 Guadeloupe
58%
972 Martinique
58%
09 Ariège
57%
21 Côte-d'Or
57%
27 Eure
57%
32 Gers
57%
43 Haute-Loire
57%
57 Moselle
57%
60 Oise
57%
63 Puy-de-Dôme
57%
66 Pyrénées-Orientales
57%
76 Seine-Maritime
57%
84 Vaucluse
57%
974 La Réunion
57%
03 Allier
56%
24 Dordogne
56%
28 Eure-et-Loir
56%
35 Ille-et-Vilaine
56%
44 Loire-Atlantique
56%
51 Marne
56%
79 Deux-Sèvres
56%
90 Territoire de Belfort
56%
10 Aube
55%
16 Charente
55%
19 Corrèze
55%
26 Drôme
55%
36 Indre
55%
37 Indre-et-Loire
55%
45 Loiret
55%
47 Lot-et-Garonne
55%
49 Maine-et-Loire
55%
52 Haute-Marne
55%
53 Mayenne
55%
58 Nièvre
55%
87 Haute-Vienne
55%
23 Creuse
54%
46 Lot
54%
48 Lozère
54%
70 Haute-Saône
54%
89 Yonne
54%
41 Loir-et-Cher
53%
61 Orne
53%
81 Tarn
53%
82 Tarn-et-Garonne
53%
18 Cher
51%
72 Sarthe
51%
86 Vienne
50%
Aucun quiz correspondant
Distribution des résultats
% des personnes avec chaque résultat
Percentile par nombre de réponses
Votre historique - résultats
Vous n’avez pas pris ce quiz